000 00647nam a2200181Ia 4500
008 100920s9999 xx 000 0 und d
082 _b23847
_a410 थ 53
100 _aदेशपांडे कुसुमावती.
245 _aमराठी कादंबरी (1850-1950)--1.
260 _bमराठी साहित्य संघ ,मुंबई.
_c1953
300 _a225
_bसाधी
365 _b3.5
520 _aभाषा.
630 _aमराठी कादंबरी (1850-1950)--1.
650 _aभाषा.
730 _aमराठी कादंबरी (1850-1950)--1.
942 _cBOOK
999 _c682510
_d682507